Find the Video Game Hall of Fame Inductees Quiz Stats

 Plays Quiz Updated Jul 1, 2018

Challenge
Share
Tweet
Score 0/16 Timer 03:00
6 Plays Today
% Correct
Sonic the Hedgehog
98.2%
Pac-Man
98%
Donkey Kong
97.5%
Grand Theft Auto III
97.2%
Pong
96.9%
Space Invaders
96.8%
Tetris
96.7%
Halo: Combat Evolved
95.9%
% Correct
The Sims
95.3%
Street Fighter II
94.7%
World of Warcraft
93.7%
DOOM
93.2%
Pokémon (Red and Green)
93.1%
The Oregon Trail
93%
Super Mario Bros.
92.9%
The Legend of Zelda
89.2%

You're not logged in!

Compare scores with friends on all Sporcle quizzes.
Join for Free
OR
Log In

You Might Also Like...

Show Comments

Extras

Top Quizzes Today


Score Distribution

Your Account Isn't Verified!

In order to create a playlist on Sporcle, you need to verify the email address you used during registration. Go to your Sporcle Settings to finish the process.

Report this User

Report this user for behavior that violates our Community Guidelines.

Details: